00553nam a2200193Ia 4500008004100000041001200041082001200053100002700065245005300092260003800145300000800183365000800191520001400199546001200213630005300225650001400278655001400292730005300306101110s9999 xx 000 0 und d aENGLISH bSR24541 aMisra S.K. & Puri V.K. aDevelopment issues of Indian Economy (T.Y.B.Com) c2003bChetana Publication, Mumbai a439 b150 aEconomics aENGLISH aDevelopment issues of Indian Economy (T.Y.B.Com) aEconomics aEconomics aDevelopment issues of Indian Economy (T.Y.B.Com)